Statystyki dla 15 krajów o największej liczbie zgonów Covid19 - 2 mar 2021

Kliknij tutaj aby rozwiązać quiz!

Ogólne statystyki

  • Ten quiz został rozwiązany 17 razy
  • Średni wynik to 12 z 24

Statystyki odpowiedzi

kraj% Poprawnych
Francja
93%
Niemcy
93%
Stany Zjednoczone
86%
Włochy
86%
Rosja
79%
Hiszpania
71%
Indie
64%
Wielka Brytania
64%
Brazylia
57%
Czechy
57%
Meksyk
57%
Portugalia
57%
Węgry
57%
Belgia
43%
Iran
36%
Kolumbia
36%
Argentyna
29%
Bułgaria
29%
Peru
29%
Republika
Południowej Afryki
29%
Bośnia i Hercegowina
21%
Chorwacja
21%
Słowenia
21%
Macedonia Północna
14%

Rozkład punktacji

Percentyl według liczby udzielonych odpowiedzi

Procent ludzi z każdym wynikiem

Twoja historia wyników

Nie rozwiązałeś tego quizu